=LDR 00000nam 2200000 4500 =001 INLIS000000000014962 =005 20130612110238 =008 ***********************************Ind** =035 ##$$0010-061300000014962 =041 ##$$a Ind =082 ##$$a 635.933 47 =090 ##$$a 635.933 47, Ris b =100 ##$$a Rismanandar =245 ##$$a Bertanam Kaktus, Rismunandar =260 ##$$a 1989 $b JAkarta =300 ##$$a vii, 77 Hlm, ILus, 21 Cm =650 ##$$a Kaktus-Tanaman =850 ##$$a NBPNMAT